00314nam a22000857a 4500008004100000082001900041245010200060260005700162300000900219230703b xxu||||| |||| 00| 0 eng d a342bCKRC 2005 aConstitution of Kenya Review CommissionbManual for Educators for Civic Education Referendum 2005 aKenyabConstitution of Kenya Review Commissionc2005 a108p